Epistolario (Registro nro. 81997)

Detalles MARC
000 -LEADER
campo de control de longitud fija 00876nam a2200277 i 4500
001 - NÚMERO DE CONTROL
campo de control 81997
003 - IDENTIFICADOR DE NÚMERO DE CONTROL
campo de control ES-MaACL
005 - FECHA Y HORA DE LA ÚLTIMA TRANSACCIÓN
campo de control 20240520144109.0
007 - CAMPO FIJO DE DESCRIPCIÓN FÍSICA--INFORMACIÓN GENERAL
campo de control de longitud fija t|
008 - DATOS DE LONGITUD FIJA--INFORMACIÓN GENERAL
campo de control de longitud fija 041118s2003 sp ||||1| spa d
020 ## - NÚMERO INTERNACIONAL ESTÁNDAR DEL LIBRO
Número Internacional Estándar del Libro 84-95078-15-5
080 ## - NÚMERO DE LA CLASIFICACIÓN DECIMAL UNIVERSAL
Número de la Clasificación Decimal Universal 929 Cernuda, Luis
100 1# - ENTRADA PRINCIPAL--NOMBRE DE PERSONA
Nombre de persona Cernuda, Luis,
Fechas asociadas al nombre 1902-1963
9 (RLIN) 37529
245 10 - MENCIÓN DEL TÍTULO
Título Epistolario
Resto del título : 1924-1963 /
Mención de responsabilidad, etc. Luis Cernuda ; edición de James Valender.
260 ## - PUBLICACIÓN, DISTRIBUCIÓN, ETC.
Lugar de publicación, distribución, etc. [Madrid] :
Nombre del editor, distribuidor, etc. Publicaciones de la Residencia de Estudiantes,
Fecha de publicación, distribución, etc. [2003]
300 ## - DESCRIPCIÓN FÍSICA
Extensión LXVII, 1273 p. ;
Dimensiones 22 cm.
490 1# - MENCIÓN DE SERIE
Mención de serie Epistolario ;
Designación de volumen o secuencia 2
504 ## - NOTA DE BIBLIOGRAFÍA, ETC.
Nota de bibliografía, etc. Bibliografía: p. 1225-1231.
600 14 - PUNTO DE ACCESO ADICIONAL DE MATERIA--NOMBRE DE PERSONA
Nombre de persona Cernuda, Luis,
Fechas asociadas al nombre 1902-1963-
Subdivisión general Correspondencia
9 (RLIN) 37532
655 #0 - TERMINO DE INDIZACIÓN--GENERO/FORMA
9 (RLIN) 235124
Datos o término principal de género/forma Cartas
700 1# - ENTRADA AGREGADA--NOMBRE PERSONAL
Nombre de persona Valender, James.
9 (RLIN) 112583
830 0# - PUNTO DE ACCESO ADICIONAL DE SERIE-TÍTULO UNIFORME
Título uniforme Epistolario ;
Designación de volumen o secuencia 2
9 (RLIN) 231560
852 ## - LOCALIZACIÓN
Ubicación ES-MaACL
Número de control de estantería L-28482
Sublocalización o colección R.134317
942 ## - ELEMENTOS DE ENTRADA SECUNDARIOS (KOHA)
Fuente del sistema de clasificación o colocación Clasificación decimal universal
Existencias
Estatus retirado Estado de pérdida Estado de daño No para préstamo Biblioteca de origen Biblioteca actual Ubicación en estantería Fecha de adquisición Fuente de adquisición Total de préstamos Signatura topográfica completa Código de barras Visto por última vez Precio de reemplazo Tipo de ítem Koha
        Biblioteca del Ateneo de Madrid Biblioteca del Ateneo de Madrid Depósito 2 17/01/2008     L-28482 1085702 23/02/2023 23/02/2023 Libro impreso